000 00609nam a2200145 a 4500
001 000038993
005 20201002031442.0
008 130510s2001 dr 000 0 spa d
040 _aDO-SdBNP
_bspa
_cBNPHU
100 1 _aSánchez Mendoza, Rafael Santo Domingo
_d1954-
_965239
245 1 0 _aNociones de competencia :
_bmateria-jurisdicción-persona (ley, doctrina y jurisprudencia) /
_cRafael Santo Domingo Sánchez Mendoza ; prólogo Francisco Antonio Jerez Mena.
260 _a[Santo Domingo] :
_b[s. n.],
_c2001.
300 _a172. ;
_c22 cm.
500 _aIncluye datos biográficos del autor en la contracubierta
999 _c38483
_d38483